000
00292nam a22001337a 4500
008
170906b xxu||||| |||| 00| 0 eng d
020
_a
392434012
041
_a
ger
080
_a
72
100
_a
41
101
_a
ARK
245
_a
RISC DIE MIPS-R3000-FAMILIE
_c
JURGEN,H,R
942
_2
udc
_c
BK
999
_c
26398
_d
26398